| 000 | 00970nas a2200337 4500 | ||
|---|---|---|---|
| 001 | BR0403213 | ||
| 003 | BR-BrBNA | ||
| 005 | 20231205104636.0 | ||
| 007 | ta | ||
| 008 | 230509b bl.|||p| |||| 00| 00por d | ||
| 040 |
_aBR-BrBNA _bpor _cBiblioteca Nacional de Agricultura |
||
| 041 | _a(Pt) | ||
| 072 | _aF30 | ||
| 100 | 1 | _aPereira, F.H.F. | |
| 100 | 1 | _aPuiatti, M. | |
| 100 | 1 | _aMiranda, G.V. | |
| 100 | 1 | _aSilva, D.J.H. da | |
| 100 | 1 | _aFinger, F.L. | |
| 245 | 1 | _aDivergência genética entre acessos de taro | |
| 650 | _aINHAME | ||
| 650 | _aVARIAÇÃO GENÉTICA | ||
| 650 | _aMELHORAMENTO GENÉTICO VEGETAL | ||
| 650 | _aPRODUTIVIDADE | ||
| 650 | _aRIZOMA | ||
| 650 | _aBANCO DE GERMOPLASMA | ||
| 650 | _aMÉTODO ESTATÍSTICO | ||
| 650 | _aCRUZAMENTO VEGETAL | ||
| 773 | 0 |
_tHorticultura Brasileira (Brazil) _xISSN 0102-0536 _g(Jan-Mar 2004), v. 22(1) p. 55-60 _wBR0403213 |
|
| 909 |
_a202311 _bLúcia _c55 _dLúcia Elande |
||
| 942 |
_2AGRIS _n0 _cANA |
||
| 999 |
_c179083 _d179083 |
||